Statistics for ULTIMATE MARIO CHARACTERS QUIZ

Click here to take the quiz!

General Stats

  • This quiz has been taken 30 times
  • The average score is 42 of 108

Answer Stats

Answer% Correct
Bowser
100%
Donkey Kong
100%
Luigi
100%
Mario
100%
Peach
100%
Waluigi
100%
Yoshi
100%
Daisy
95%
Wario
95%
Diddy Kong
90%
Toad
90%
Koopa Troopa
86%
Boo
81%
Bowser Jr
81%
Goomba
81%
Toadette
81%
Baby Daisy
76%
Baby Luigi
76%
Baby Mario
76%
Baby Peach
76%
Birdo
76%
Shy Guy
76%
Dry Bones
71%
Bullet Bill
67%
King Boo
67%
Rosalina
67%
Chain Chomp
57%
Cranky Kong
57%
Dry Bowser
57%
Hammer Bro
57%
Lakitu
57%
Baby Bowser
52%
Kamek
52%
Baby Rosalina
48%
Bomb Omb
48%
Boomerang Bro
48%
cheep cheep
48%
Fire Bro
48%
Funky Kong
48%
Ice Bro
48%
Iggy Koopa
48%
Ludwig Von Koopa
48%
Piranha Plant
48%
Roy Koopa
48%
King Bomb Omb
43%
King K Rool
43%
Larry Koopa
43%
Thwomp
43%
fly guy
38%
Foreman Spike
38%
Lemmy Koopa
38%
Monty Mole
38%
Spike
38%
Spiny
38%
Wendy O. Koopa
38%
Dixie Kong
33%
Morton Koopa
33%
Pauline
33%
Toadsworth
33%
Wiggler
33%
Buzzy Beetle
29%
Dr E. Gadd
29%
Luma
29%
Nabbit
29%
Blooper
24%
Paratroopa
24%
Penguin
24%
Petey Piranha
24%
Banzai Bill
19%
Boom Boom
19%
Chargin' Chuck
19%
Chunky Kong
19%
Fuzzy
14%
Pokey
14%
Pom Pom
14%
Swoop
14%
Tiny Kong
14%
Blooper Baby
10%
Lanky Kong
10%
Lava Bubble
10%
Mechakoopa
10%
Polterpup
10%
Sumo Bro
10%
Wart
10%
Amp
5%
bramball
5%
Fish Bone
5%
Goomboss
5%
Kiddy Kong
5%
Mawray
5%
Rocky Wrench
5%
Sledge Bro
5%
Spiny Cheep Cheep
5%
Swanky Kong
5%
Urchin
5%
Whomp King
5%
Balloon Baby Yoshi
0%
Bat
0%
BiddyBud
0%
Big Urchin
0%
Bony Beetle
0%
Broozer
0%
Bubble Baby Yoshi
0%
Cheep Chomp
0%
Clampy
0%
Flame Chomp
0%
Glowing Baby Yoshi
0%
Torpedo Ted
0%

Score Distribution

Percentile by Number Answered

Percent of People with Each Score

Your Score History

You have not taken this quiz